Paesi più vicini all'Uruguay - Morte improvvisa - Statistics

Statistiche generali
  • Questo quiz è stato fatto 31 volte
  • Il punteggio medio è 10 su 15
Answers on the Grid
Answers color-coded by a green-red scale on the quiz's grid according to % correct below.
Panama
Suriname
Guyana
Venezuela
Colombia
Ecuador
Perù
Bolivia
Cile
Argentina
Paraguay
Brasile
Trinidad e Tobago
Grenada
Saint Vincent e Grenadine
Barbados
Saint Lucia
Dominica
Saint Kitts e Nevis
Repubblica Dominicana
Antigua e Barbuda
Haiti
Bahamas
Cuba
Giamaica
Costa Rica
Nicaragua
El Salvador
Messico
Sierra Leone
 
Statistiche sulle risposte
Risposta % Corretto
Argentina
93%
Ecuador
85%
Perù
85%
Brasile
81%
Cile
81%
Paraguay
81%
Colombia
78%
Bolivia
74%
Venezuela
70%
Guyana
67%
Suriname
67%
Panama
48%
Trinidad e Tobago
37%
Grenada
15%
Saint Vincent e Grenadine
11%
Nessun quiz corrispondente trovato
Distribuzione punteggi
Percentuale di utenti per punteggio
Percentile per numero di risposta
I tuoi punteggi nel tempo
Non hai fatto questo quiz